00593nam a22002057a 450000500170000001000130001702000110003003500130004103700160005404000120007008200160008210000170009824501010011525000120021626000450022827000440027330000290031765000190034665000220036520170124110237.0 aA-838041 c120.00 aA-838041 bCen Lib/Ret aDPLbEN a347.66bSIN aSingh, Avtar aPrinciples of the law of evidence :cby Avtar Singhba study of the Indian evidence act 1872 / a10th ed aAllahbadbCentral Law Publicationsc1996 a107, Darbhanga ColonybAllahbade211002 axxxviii,392p.b22cm(pbk) aEvidence (Law) aCross-examination